000 00302nam a22001217a 4500
020 _a0-340-19317-4
082 _a005.133-B SCO'P
100 _aSCOTT, PETER E
_975026
245 _aPROGERAMMING IN BASIC,A BEGINNERS COURSE
260 _aLONDON
_bHODDER & STOUGHTER
_c1975
300 _a59P
942 _cBK
999 _c580523
_d580523